000 01036nam a2200205Ia 4500
003 Ost
005 20260507075022.0
008 260507s9999||||xx |||||||||||||| ||und||
040 _cfsecg
041 _aara
082 _a330
100 _aصالح، حسن عبد القادر
_eمؤلف
245 0 _aالتوجيه الجغرافي للتنمية الوطنية والإقليمية :
_bدراسة تطبيقية على الوطن العربي /
_c حسن عبد القادر صالح
260 _aعمان:
_bدار وائل للنشر,
_c2002
300 _a375 صفحة؛
_bإيضاحات ؛
_c24 سم
520 _aمقدمة الدراسة ومنهجها- الإطار النظري للتنمية-التباين المكاني للتنمية في الوطن العربي- تحديات التنمية العربية- تخطيط التنمية في الوطن العربي - التنمية الإقليمية في الوطن العربي
653 _aالتنمية
653 _aالوطن العربي
942 _cكتاب
999 _c42289
_d42289